000 00271nam a2200121Ia 4500
008 190216s9999||||xx |||||||||||||| ||und||
100 _aSaravanavel P
245 0 _aResearch Methodology
260 _bKitab Mahal
_c1999
300 _a486
650 _aCommerce
942 _cBK
999 _c5660
_d5660